000 00536nam a2200193Ia 4500
001 8804
003 IVS
005 20250626030138.0
008 211022s9999 xx 000 0 und d
040 _cIVS
082 _a746 ZAI
100 _aZainab Batool
245 0 _aOrnamentation on the Tomb of Shah Rukne-Alam influence and symbology
260 _aKarachi
260 _bIndus Valley School
260 _c2007
856 _uhttps://drive.google.com/file/d/1Buxr72ocupJHD3Qkwz4m6qEve7GYbhSi/view?usp=sharing
942 _cDISS
_2ddc
_n0
999 _c7399
_d7399